| 000 | 00903cam a22002413a 4500 | ||
|---|---|---|---|
| 001 | 18335 | ||
| 003 | PGUSA | ||
| 005 | 20140828083405.0 | ||
| 008 | 060507s2006||||xxu|||||s|||||000 | eng d | ||
| 040 |
_aPGUSA _beng |
||
| 042 | _adc | ||
| 050 | 4 | _aQH | |
| 100 | 1 |
_aBurroughs, John, _d1837-1921 |
|
| 245 | 1 | 4 |
_aThe Breath of Life _h[electronic resource] / _cJohn Burroughs |
| 260 |
_bProject Gutenberg, _c2006 |
||
| 505 | 0 | _aThe breath of life -- The living wave -- A wonderful world -- The baffling problem -- Scientific vitalism -- A bird of passage -- Life and mind -- Life and science -- The journeying atoms -- The vital order -- The arrival of the fit -- The naturalist's view of life. | |
| 506 | _aPublic domain in the USA. | ||
| 516 | _aElectronic text | ||
| 653 | _aLife (Biology) | ||
| 830 | 0 |
_aProject Gutenberg _v18335 |
|
| 856 | 4 | 0 | _uhttp://www.gutenberg.org/ebooks/18335 |
| 942 | _cEB | ||
| 999 |
_c247590 _d247590 |
||